[Event "FRA-chT U20 Top"]
[Site "Bischwiller"]
[Date "2016.05.14"]
[Round "1"]
[White "Motoyama, Enzo Ryadh"]
[Black "Cohen Revivo, Shoham"]
[Result "1-0"]
[WhiteElo "1835"]
[BlackElo "2163"]
[PlyCount "67"]
[EventDate "2016.05.14"]
[EventType "tourn"]
[EventRounds "11"]
[EventCountry "FRA"]
[SourceTitle "EXT 2019"]
[Source "ChessBase"]
[SourceDate "2018.10.10"]
[SourceVersion "1"]
[SourceVersionDate "2018.10.10"]
[SourceQuality "1"]

1. e4 e6 2. d4 d5 3. Nd2 c5 4. exd5 exd5 5. Ngf3 Nc6 6. Bb5 Bd6 7. 0-0 Nge7 8. dxc5 Bxc5 9. Nb3 Bb6 10. Bg5 0-0 11. Re1 f6 12. Bf4 Bg4 13. h3 Bh5 14. c3 Ng6 15. Bh2 Nge5 16. g4 Bg6 17. Nfd4 Be4 18. Bxc6 bxc6 19. Nd2 Nd3 20. Nxe4 Nxe1 21. Nd6 Bxd4 22. cxd4 f5 23. Qxe1 Qf6 24. Nxf5 Rae8 25. Qd2 Qg6 26. Kh1 h5 27. Rg1 hxg4 28. hxg4 Qh7 29. Qg5 Re2 30. Kg2 Kf7 31. Be5 Rh8 32. Qe7+ Kg6 33. Nh4+ Kh6 34. Bf4+ 1-0

[Event "FRA-ch U12"]
[Site "Gonfreville"]
[Date "2016.??.??"]
[Round "7"]
[White "Motoyama, Enzo Ryadh"]
[Black "Popov, Konstantin"]
[Result "0-1"]
[WhiteElo "1453"]
[BlackElo "1807"]
[PlyCount "156"]
[EventDate "2016.04.22"]
[EventType "swiss"]
[EventRounds "9"]
[EventCountry "FRA"]
[SourceTitle "EXT 2019"]
[Source "ChessBase"]
[SourceDate "2018.10.10"]
[SourceVersion "1"]
[SourceVersionDate "2018.10.10"]
[SourceQuality "1"]

1. e4 e6 2. d4 d5 3. Nd2 Nf6 4. e5 Nfd7 5. Bd3 c5 6. c3 Nc6 7. Ne2 cxd4 8. cxd4 f6 9. exf6 Nxf6 10. Nf3 Bd6 11. Bf4 Bxf4 12. Nxf4 Qb6 13. 0-0 0-0 14. Qd2 Qc7 15. Ne2 Bd7 16. Bb5 Ne4 17. Qe3 Ne7 18. Rac1 Qd8 19. Bxd7 Qxd7 20. Ne5 Qd6 21. f3 Nf5 22. Qd3 Nf6 23. Rc3 Rac8 24. Rfc1 Rxc3 25. Qxc3 Qa6 26. Nf4 Qb6 27. Ne2 Qa6 28. Rc2 Qxa2 29. Qc8 Qa6 30. Qc3 Qd6 31. g4 Nh4 32. Qc7 Qb4 33. Qc3 Qb5 34. Nf4 Qe8 35. Nfd3 Nxf3+ 36. Nxf3 Ne4 37. Qc7 Rxf3 38. Qc8 Qxc8 39. Rxc8+ Rf8 40. Rc7 Rb8 41. Nf4 Ng5 42. Kf2 Rf8 43. Ke3 e5 44. Nxd5 Rf3+ 45. Ke2 exd4 46. Re7 Rb3 47. h4 Nh3 48. Rd7 Rxb2+ 49. Kd3 Nf2+ 50. Kxd4 Nxg4 51. Kc3 Rb1 52. Nc7 Nf6 53. Re7 Kf8 54. Re2 Rc1+ 55. Rc2 Rxc2+ 56. Kxc2 Ke7 57. Nb5 a6 58. Nd4 g6 59. Nb3 Kd6 60. Kd3 Nd5 61. Kd4 b6 62. Nd2 Ne7 63. Nc4+ Kc6 64. Ne5+ Kb5 65. Nf3 a5 66. Kc3 Nf5 67. Kb3 a4+ 68. Ka3 Ka5 69. Ng5 h6 70. Nf3 b5 71. Ka2 b4 72. Nh2 b3+ 73. Ka3 Nd4 74. Ng4 Nb5+ 75. Kb2 Kb4 76. Nxh6 a3+ 77. Kb1 Nc3+ 78. Kc1 b2+ 0-1